| 000 | 00991cab a2200253 4500 | ||
|---|---|---|---|
| 001 | ABS50849 | ||
| 008 | 090401t1994 xxu||||| |||| 00| 0 eng d | ||
| 035 | _a(Sirsi) u72860 | ||
| 041 | _aeng | ||
| 100 | _aEvans, R. | ||
| 245 | _aBlowing hot and cold over wind power | ||
| 260 | _c1994 | ||
| 350 | _a0 | ||
| 490 |
_aCSM (Chartered Surveyor Monthly) _v3(9) June 1994, 38(1) |
||
| 520 | _aDescribes work on a comparative analysis of wind energy policies in the UK and Denmark, looking at advanced turbine technology, the increasing cost of and environmental hazards associated with fossil and nuclear fuels, and the political suitability of greeen energy alternatives. Identifies factors which will determine the success of wind power in the UK. | ||
| 650 | _aDENMARK | ||
| 650 | _aMENTOR | ||
| 650 | _aNON FOSSIL-FUEL OBLIGATION | ||
| 650 | _aWIND ENERGY | ||
| 650 | _aWIND POWER | ||
| 690 | _aENVIRONMENTAL AND LAND CONSULTANCY-ENERGY | ||
| 942 | _n0 | ||
| 948 | _c04/03/1997 | ||
| 999 |
_c46048 _d46048 |
||